000 00496nam a2200169Ia 4500
001 7620
003 GE_BSU
008 181216s||||||||xx |||||||||||||| ||und||
040 _cGE_BSU
245 _aГеография и природные ресурсы.№2.2013
245 _cГл. ред. В.М.Плюснин. (ред.колл.)
260 _aмосква.
260 _c2013.
300 _a180ст,27см.
653 _aГеография и природные ресурсы.
942 _cCR
999 _c40972
_d40972